Frontière de l'Algérie - Statistiques

Statistiques générales
  • Ce quiz a été pris 138 fois
  • Le résultat moyen est 5 sur 6
Statistiques - réponses
Km Pays % Correct
1778 Maroc
100%
1010 Tunisie
96%
932 Libye
92%
1329 Mali
86%
461 Mauritanie
84%
931 Niger
79%
Aucun quiz correspondant
Distribution des résultats
% des personnes avec chaque résultat
Percentile par nombre de réponses
Votre historique - résultats
Vous n’avez pas pris ce quiz